| 000 | 00849nas a2200265 4500 | ||
|---|---|---|---|
| 001 | BR9209438 | ||
| 003 | BR-BrBNA | ||
| 005 | 20231205093255.0 | ||
| 007 | ta | ||
| 008 | 230509b bl.|||p| |||| 00| 00por d | ||
| 040 |
_aBR-BrBNA _bpor _cBiblioteca Nacional de Agricultura |
||
| 041 | _a(Pt) | ||
| 072 | _aF02; F30 | ||
| 100 | 1 | _aZica, L.F. | |
| 100 | 1 | _aNaves, R.V. | |
| 100 | 1 | _aLima, R.N. de M. | |
| 245 | 1 | _a"Efeito do peso da muda tipo pedaco de rizoma, no enraizamento inicial da bananeira do cultivar marmelo (Musa sp ABB) | |
| 650 | _aBANANA | ||
| 650 | _aCOMPORTAMENTO DE VARIEDADE | ||
| 650 | _aMUDA | ||
| 650 | _aREPRODUCAO VEGETAL | ||
| 773 | 0 |
_tAnais da Escola de Agronomia e Veterinaria (Brazil) _xISSN 0100-218X _g(1976), v. 6(1) p. 157-168 _wBR9209438 |
|
| 909 |
_a202311 _bLúcia _c55 _dLúcia Elande |
||
| 942 |
_2AGRIS _n0 _cANA |
||
| 999 |
_c137230 _d137230 |
||